2027 Movies by Description - Statistics

General Stats
  • This quiz has been taken 9 times
  • The average score is 12 of 15
Answer Stats
Hint Answer % Correct
New adventures unfold in a block-built world. A Minecraft Movie 2
100%
A popular Australian cartoon family gets its first movie. Bluey: The Movie
100%
Magic and ice return for another royal journey. Frozen 3
100%
Yellow chaos-makers return for more trouble. Minions 3
100%
The world’s fastest blue hero races into another adventure. Sonic the Hedgehog 4
100%
The third and final movie in an animated multiverse superhero trilogy. Spider-Man: Beyond the Spider-Verse
100%
Gotham’s protector faces another dark mystery. The Batman Part 2
100%
Before the wardrobe, there was another beginning. Narnia: The Magician's Nephew
80%
Everyone’s favorite green ogre returns for another fairy-tale adventure. Shrek 5
80%
An ancient kingdom depends on a legendary hero (adapted from a popular video game). The Legend of Zelda
80%
A symbol of hope rises once again from beyond Earth. Man of Tomorrow
60%
Heroes and villains collide across multiverses. Avengers: Secret Wars
40%
Two giant monsters join forces against a new threat. Godzilla x Kong: Supernova
40%
Victory may depend on the galaxy’s best pilots. Star Wars: Starfighter
40%
Someone important is hiding in Middle-earth. The Lord of the Rings: The Hunt for Gollum
40%
No matching quizzes found
Score Distribution
Percent of People with Each Score
Percentile by Number Answered
Your Score History
You have not taken this quiz